logo

Bir Sreshtho Munshi Abdur Rouf Library
Jhenaidah Cadet College

নিওনার্দেো দ্য ভিঞ্চি / (Record no. 12589)

MARC details
000 -LEADER
fixed length control field 00892nam a2200265 a 4500
001 - CONTROL NUMBER
JCCL Control Number 12589
003 - CONTROL NUMBER IDENTIFIER
JCCL marc code BD-JhCC
005 - DATE AND TIME OF LATEST TRANSACTION
control field 20220917110059.0
008 - FIXED-LENGTH DATA ELEMENTS--GENERAL INFORMATION
fixed length control field 220917s20162018bg |||| ||a| 000 0 b d
020 ## - INTERNATIONAL STANDARD BOOK NUMBER
International Standard Book Number 9847012005262
035 ## - SYSTEM CONTROL NUMBER
system control number (BD-JhCC)12589
040 ## - CATALOGING SOURCE
Original cataloging agency BD-JhCC
Modifying agency BD-JhCC
041 ## - LANGUAGE CODE
Language code of Book ben
082 ## - DEWEY DECIMAL CLASSIFICATION NUMBER
Classification number 923
Author mark and Year CHO 2018
100 ## - MAIN ENTRY--PERSONAL NAME
Personal name চৌধুরী, ফকরুল
245 ## - TITLE STATEMENT
Title নিওনার্দেো দ্য ভিঞ্চি /
Statement of responsibility, etc ফকরুল চৌধুরী
260 ## - PUBLICATION, DISTRIBUTION, ETC. (IMPRINT)
Place of publication, distribution, etc ঢাকা :
Name of publisher, distributor, etc কথাপ্রকাশ;
Date of publication, distribution, etc ২০১৮.
300 ## - PHYSICAL DESCRIPTION
Pagination ১০৯ পৃ. :
Dimensions ২১ সেমি..
490 ## - SERIES STATEMENT
Series statement জীবনী গ্রন্থমালা
504 ## - BIBLIOGRAPHY, ETC. NOTE
Bibliography, etc গ্রন্থপঞ্জি অর্ন্তভূক্ত।
600 ## - SUBJECT ADDED ENTRY--PERSONAL NAME
Personal name The Vinchi, Leonardo
Dates associated with a name 1452-1519
651 ## - SUBJECT ADDED ENTRY--GEOGRAPHIC NAME
Geographic name Biography.
942 ## - ADDED ENTRY ELEMENTS (KOHA)
Source of classification or shelving scheme Dewey Decimal Classification
Koha item type Books
Holdings
Source of classification or shelving scheme Damaged status Not for loan Home library Current library Shelving location Date of accession Cost, normal purchase price Total Checkouts Full call number Barcode Date last seen Date checked out Copy number Koha item type
Dewey Decimal Classification     JCC Rouf Library JCC Rouf Library General Stacks 09/17/2022 72.00 1 923 CHO 2018 17492 05/30/2024 05/27/2024 C-1 Books

JCC Library | Contacts | JCC Home

Last Update on 23 September 2017
Copyright @ 2017-2020 JCC Rouf Library
Rouf Library, Jhenidah Cadet College (JCC), Bangladesh